Palmyrena : Palmyra and the surrounding territory from the Roman to the Early Islamic Period /

محفوظ في:

المؤلف الرئيسي: Meyer, Jørgen Christian (مؤلف)

التنسيق: كتاب

اللغة: English

منشور في: Oxford : Archaeopress Publishing Ltd, [2017].

سلاسل: Archaeopress Archaeology.

الموضوعات:

الوسوم: إضافة وسم

لا توجد وسوم, كن أول من يضع وسما على هذه التسجيلة!

رقم الطلب: DS99 .P17 M49 2017

LEADER 00944namaa2200265 4500
003 OSt
005 20260219091520.0
008 130303t20172017enkab b 000 0 eng d
020 |a 9781784917074 
040 |c ARCE Library 
043 |a a-sy--- 
050 4 |a DS99 .P17 M49 2017 
100 1 |a Meyer, Jørgen Christian,  |e author 
245 1 0 |a Palmyrena :  |b Palmyra and the surrounding territory from the Roman to the Early Islamic Period /  |c Jorgen Christian Meyer. 
264 1 |a Oxford :   |b Archaeopress Publishing Ltd,   |c [2017]. 
264 4 |c ©2017. 
300 |a x, 220 pages :  |b Illustrations (chiefly col), maps (cheifly col) ;   |c 29 cm. 
490 0 |a Archaeopress Archaeology. 
504 |a Includes bibliographical references (pages 212-220) 
650 0 |a Excavations (Archaeology)  |z Syria  |z Tadmur. 
651 0 |a Tadmur (Syria)  |x Antiquities. 
651 0 |a Tadmur (Syria)  |x Civilization. 
901 |a reviewed 
942 |c BK  |2 lcc 
999 |c 761  |d 761